|
|
|
|
| LEADER |
00000cam a2200000 a 4500 |
| 001 |
vtls001350324 |
| 003 |
SK-MaSNL |
| 005 |
20260301160638.0 |
| 008 |
250313t1941 xo g 000 p slo |
| 015 |
|
|
|a SNBA19391941-000345
|
| 035 |
|
|
|a SNK000303655
|
| 035 |
|
|
|a urn:nbn:sk:snk-am3hl0g
|
| 035 |
|
|
|a 0B980DB0-0EDF-49E9-B03D-11EF96DD78AD
|
| 035 |
|
|
|a urn:nbn:sk:snk-am00d43b
|
| 040 |
|
|
|a SNK
|b slo
|c SNK
|e AACR2
|
| 041 |
|
|
|a slo
|
| 044 |
|
|
|a xr
|c SK
|
| 072 |
|
7 |
|a 821.162.4-1
|x Slovenská poézia
|2 konspekt
|
| 080 |
|
|
|a 821.162.4-1
|2 2001
|
| 100 |
1 |
|
|a Podpoliansky, J. F.,
|d 1916-2000
|4 aut
|9 36960
|
| 245 |
1 |
|
|a Vám, rodní moji
|b básne
|c J. Frátrik-Podpoliansky
|
| 260 |
|
|
|a Žilina
|b [s.n.]
|c 1941
|e Žina
|f Melantrich
|
| 300 |
|
|
|a 58 s.
|c 20 cm
|
| 500 |
|
|
|a Obálkový názov
|
| 650 |
0 |
7 |
|a slovenská poézia
|2 SNKPH
|9 215422
|
| 852 |
|
|
|a Slovenská národná knižnica
|
| 958 |
|
|
|a OND
|
| 999 |
|
|
|c 806325
|d 808255
|
| 952 |
|
|
|t P60, <05>, [BOOK], {605}
|a SNK
|b SNK
|y PREZ
|7 0
|p 17A0172920
|o snkSD 5173 D1
|0 0
|1 0
|4 0
|d 1998-12-07
|l 0
|r 2005-01-02 00:00:00
|w 2026-02-24
|
| 952 |
|
|
|a SNK
|b SNK
|y PREZ
|7 0
|p 17A0912764
|o snkSD 5173
|i snk502/45
|0 0
|1 0
|4 0
|d 2018-07-20
|f 1
|l 0
|r 2025-11-12 00:00:00
|w 2026-02-24
|
| 952 |
|
|
|a SNKLM
|b SNKLM
|y NEVYP
|7 0
|o snklmMK 5657
|8 3
|0 0
|1 0
|4 0
|d 2006-10-26
|l 0
|r 2026-02-24 02:21:57
|w 2026-02-24
|